000 00441nam a22001457a 4500
008 130511b xxu||||| |||| 00| 0 eng d
020 _aS/ISBN
080 _a811.111
100 _aILWIOI-4, Department of Jurisprudence
245 _aIntrodution to the Teory of Law
_cILWIOI-4 Department of Jurisprudence
250 _aS/ed
260 _aPretoria
_bUnivercity of South Africa
_c2001/2003
300 _a238p.
_b
_c
_e
_f
_g
942 _2udc
_cBK
999 _c25109
_d25109